| 000 | 00612nam a2200193Ia 4500 | ||
|---|---|---|---|
| 005 | 20250507130324.0 | ||
| 008 | 008 250505s9999 xx 000 0 eng d | ||
| 037 | _aAnnuals, Advances | ||
| 040 |
_aEASL _beng _cEASL |
||
| 041 |
_aeng _2eng |
||
| 084 |
_aX5.41.N80, M4 _qEASL |
||
| 100 |
_aSolinger Doroth J _9654920 |
||
| 245 | 0 | _aChinese business under socialism : The politics of domestic commers 1949-1980 | |
| 260 |
_aUK _bLondon University of California Press _c1984 |
||
| 300 | _a368p. | ||
| 365 |
_a _b40.25 |
||
| 942 |
_cTEXL _hX5.41.N80, M4 |
||
| 999 |
_c1318996 _d1318996 |
||